000 00466nam a2200181Ia 4500
001 17484
005 20260306171521.0
008 260306s9999||||xx |||||||||||||| ||und||
041 _aESP
082 _a658
_bP46
100 _aPérez Rivero, Carlos Alberto
_eAUT
245 0 _aOrganización y administración de empresas:
_borganización, dirección y control
260 _c2012
300 _a
_c
650 _aGEN
654 _aCAN
942 _cLIB
_dJUS
_fJUS
_2ddc
_n
999 _c17484
_d17484